000 00547cam a2200193 4500
001 J112346
008 000000n1992 000 0 eng u
035 _a(Sirsi) u112346
110 _aInstitute of Building Control
_93341
245 _aBusiness plan 1992-1996
260 _aLondon
_bIBC
_c1992
300 _a43p. ; 30cm.
520 _aStored in basement
650 _aINSTITUTE OF BUILDING CONTROL
650 _aIBC
650 _aPROFESSIONAL ASSOCIATIONS
690 _aMANAGEMENT-BUSINESS MANAGEMENT-PROFESSIONAL PRACTICE
942 _n0
999 _c101408
_d101408